Villes françaises au cinéma par images - Statistiques

Statistiques générales
  • Ce quiz a été pris 246 fois
  • Le résultat moyen est 10 sur 15
Statistiques - réponses
Par images Hint Réponse % Correct
Brice de ____ Nice
99%
Un indien dans la ville Paris
99%
Taxi Marseille
92%
____ sa mère ! Neuilly-sur-Seine
86%
Les Parapluies de ______ Cherbourg
80%
Les Demoiselles de ______ Rochefort
74%
__ ____ Le Mans
72%
La Sortie de l'usine Lumière Lyon
70%
La Cité de la peur Cannes
64%
Le Corniaud Bordeaux
52%
Minuit à Paris Versailles
49%
Et Dieu… créa la femme Saint-Tropez
37%
L'Arrivée d'un train à __ ____ La Ciotat
34%
Monsieur Klein Strasbourg
33%
Un homme et une femme Deauville
29%
Aucun quiz correspondant
Distribution des résultats
% des personnes avec chaque résultat
Percentile par nombre de réponses
Votre historique - résultats
Vous n’avez pas pris ce quiz